| 000 | 00500ntaaa2200193 4500 | ||
|---|---|---|---|
| 003 | 01 | ||
| 005 | 20251027202334.0 | ||
| 008 | 0714s1973 ag 01 | ||
| 040 |
_aAR-BaBN _bspa _cAR-BaBN _eaacr _dRIC |
||
| 082 | _a296.0000 B85 | ||
| 100 |
_aBuck, Harry M _922001 |
||
| 245 | _aPeople of the Lord | ||
| 250 | _a1 ed. | ||
| 260 |
_aNew York : _bMacmillan Company, _cc1966 |
||
| 300 | _axvii, 653 p | ||
| 500 | _aHistoria, escrituras, y fe de Israel antiguo | ||
| 650 |
_aJudÃos _910184 |
||
| 942 | _cBK | ||
| 999 |
_c18225 _d18225 |
||